[Event "Quebec op"]
[Site "Montreal"]
[Date "2023.08.03"]
[Round "7"]
[White "Avarian, Aram Sevag"]
[Black "Luksza, Arkadiusz"]
[Result "0-1"]
[WhiteElo "1842"]
[BlackElo "1991"]
[PlyCount "104"]
[EventDate "2023.07.29"]
[EventType "swiss"]
[EventRounds "9"]
[EventCountry "CAN"]
[SourceTitle "CBM 215 Extra"]
[Source "ChessBase"]
[SourceDate "2023.09.30"]
[SourceVersion "1"]
[SourceVersionDate "2023.09.30"]
[SourceQuality "1"]

1. e4 c5 2. Nc3 Nc6 3. Bb5 g6 4. Bxc6 dxc6 5. f4 Bg7 6. Nf3 Nf6 7. d3 0-0 8. 0-0 c4 9. dxc4 Qb6+ 10. Kh1 Be6 11. Qe2 Qb4 12. Ne5 Nh5 13. a3 Qa5 14. g4 Nxf4 15. Bxf4 Bxe5 16. Bxe5 Qxe5 17. Rad1 Rad8 18. Kg2 Qg5 19. h3 h5 20. Kg3 Qe5+ 21. Kg2 hxg4 22. hxg4 Kg7 23. Rxd8 Rxd8 24. Rd1 Rh8 25. Rh1 Rxh1 26. Kxh1 Qf4 27. Qh2 Qxg4 28. Qe5+ f6 29. Qc7 Kf7 30. Qh2 Bxc4 31. Qf2 b6 32. Kh2 Qh5+ 33. Kg3 Be6 34. Qd4 Qh3+ 35. Kf2 Qh2+ 36. Kf3 Qxc2 37. Nd1 Qh2 38. Ne3 Qh5+ 39. Kf2 Qg5 40. Ke2 Qe5 41. Qb4 g5 42. Kd3 Qd6+ 43. Qxd6 exd6 44. b4 b5 45. Nc2 Bd7 46. Ne3 g4 47. Ng2 Kg6 48. Ke3 Kg5 49. Kf2 c5 50. Kg3 c4 51. Ne3 c3 52. Kf2 Be6 0-1

[Event "Montreal Varennes op"]
[Site "Montreal"]
[Date "2018.10.07"]
[Round "4"]
[White "Poulin, Maurice"]
[Black "Luksza, Arkadiusz"]
[Result "0-1"]
[WhiteElo "1949"]
[BlackElo "2080"]
[PlyCount "154"]
[EventDate "2018.10.05"]
[EventType "swiss"]
[EventRounds "5"]
[EventCountry "CAN"]
[SourceTitle "CBM 187 Extra"]
[Source "ChessBase"]
[SourceDate "2018.11.04"]
[SourceVersion "1"]
[SourceVersionDate "2018.11.04"]
[SourceQuality "1"]

1. e4 c6 2. d4 d5 3. exd5 cxd5 4. Bd3 Nc6 5. c3 Nf6 6. Bf4 g6 7. Qc2 Bg7 8. Nd2 0-0 9. Ngf3 Nh5 10. Be3 Qd6 11. 0-0 Nf4 12. Bxf4 Qxf4 13. Rae1 Rb8 14. Re2 Be6 15. Rfe1 Rfc8 16. Qb1 b5 17. a3 a5 18. b4 a4 19. Rxe6 fxe6 20. Rxe6 Qg4 21. Qe1 Bf6 22. h3 Qf4 23. g3 Qc7 24. Nb1 Nd8 25. Re3 Nf7 26. Re6 Qd7 27. Kg2 Rc6 28. Rxc6 Qxc6 29. Qe2 Rb6 30. h4 Qd7 31. Ne5 Nxe5 32. dxe5 Bg7 33. Qe3 Qc6 34. Qd4 Qe6 35. f4 Rb8 36. Be2 Qc6 37. Bf3 e6 38. Be2 Bf8 39. h5 Be7 40. hxg6 hxg6 41. Bd3 Kf7 42. Bc2 Rg8 43. Nd2 Ke8 44. Nf3 g5 45. f5 g4 46. Nh2 exf5 47. Bxf5 Rg5 48. Bxg4 Qc4 49. Qf4 Qe4+ 50. Qxe4 dxe4 51. Be2 Rxe5 52. Ng4 Rd5 53. Ne3 Rg5 54. c4 bxc4 55. Nxc4 Bf6 56. Bd1 Rd5 57. Bxa4+ Kd8 58. Bc6 Rd4 59. Bb5 Rd3 60. a4 Rb3 61. Na5 Rb2+ 62. Kf1 Bc3 63. Nc6+ Kc7 64. Ne7 Rb1+ 65. Kg2 Kd6 66. Nc6 Bxb4 67. Nxb4 Rxb4 68. Kf2 Ke5 69. Be8 Rb2+ 70. Ke3 Rb3+ 71. Kf2 Rf3+ 72. Kg2 Rf8 73. Bb5 Kd4 74. g4 Kc3 75. Kg3 e3 76. g5 Rf5 77. g6 Rxb5 0-1

[Event "Quebec op"]
[Site "Quebec"]
[Date "2018.07.23"]
[Round "4"]
[White "Lemieux, Serge"]
[Black "Luksza, Arkadiusz"]
[Result "0-1"]
[WhiteElo "1702"]
[BlackElo "2106"]
[PlyCount "64"]
[EventDate "2018.07.21"]
[EventType "swiss"]
[EventRounds "9"]
[EventCountry "CAN"]
[SourceTitle "CBM 186 Extra"]
[Source "ChessBase"]
[SourceDate "2018.08.24"]
[SourceVersion "1"]
[SourceVersionDate "2018.08.24"]
[SourceQuality "1"]

1. e4 c6 2. d4 d5 3. exd5 cxd5 4. Bd3 Nc6 5. c3 Nf6 6. h3 g6 7. Na3 Bg7 8. Ne2 0-0 9. 0-0 a6 10. Nc2 e5 11. Ne3 exd4 12. Nxd4 Nxd4 13. cxd4 Be6 14. Re1 Qb6 15. Nc2 Rac8 16. b3 Ne4 17. Bxe4 dxe4 18. Rxe4 Rxc2 19. Qxc2 Bf5 20. Qe2 Bxe4 21. Qxe4 Bxd4 22. Be3 Bxe3 23. fxe3 Rd8 24. Rf1 Qc7 25. Qf4 Qe7 26. Rf2 h5 27. Rc2 Rd1+ 28. Kf2 Rd6 29. Ke2 Qd7 30. Qc4 Kh7 31. a4 Qf5 32. Ke1 Rc6 0-1

[Event "Montreal Pere Noel"]
[Site "Montreal"]
[Date "2017.12.30"]
[Round "5.3"]
[White "Luksza, Arkadiusz"]
[Black "Yu, Zong Yang"]
[Result "1/2-1/2"]
[WhiteElo "2225"]
[BlackElo "2484"]
[PlyCount "233"]
[EventDate "2017.12.27"]
[EventType "swiss"]
[EventRounds "5"]
[EventCountry "CAN"]
[SourceTitle "EXT 2022"]
[Source "ChessBase"]
[SourceDate "2021.10.06"]
[SourceVersion "1"]
[SourceVersionDate "2021.10.06"]
[SourceQuality "1"]

1. d4 Nf6 2. g3 g6 3. Bg2 Bg7 4. Nf3 0-0 5. 0-0 d6 6. Re1 Nbd7 7. e4 e5 8. d5 Nc5 9. Nc3 a5 10. a4 Bd7 11. Nd2 Qc8 12. Nc4 Bh3 13. Bh1 b6 14. Qe2 Na6 15. f3 Nh5 16. Bg2 Bd7 17. Ne3 Qe8 18. Ng4 f5 19. exf5 gxf5 20. Nf2 Qg6 21. Nh3 Nb4 22. f4 Rae8 23. Qf2 Nf6 24. fxe5 Ng4 25. Qd2 Bxe5 26. Re2 Kh8 27. Nf4 Qh6 28. Nh3 Qg7 29. Qd1 Nxh2 30. Rxe5 dxe5 31. Kxh2 f4 32. Ne4 Bg4 33. Qd2 Bxh3 34. Bxh3 fxg3+ 35. Nxg3 Rg8 36. Ra3 e4 37. Be6 Nd3 38. Rxd3 exd3 39. Qxd3 Rgf8 40. Be3 Rf3 41. Bd4 Rxd3 42. Bxg7+ Kxg7 43. cxd3 Kf6 44. d4 Rd8 45. Ne4+ Ke7 46. Nc3 Rf8 47. Kg2 Rf4 48. Ne2 Re4 49. Kf3 Rh4 50. Ke3 Rh2 51. Bf5 Kd6 52. Be4 Ke7 53. b3 Kd7 54. Bd3 Rh3+ 55. Ke4 Kd6 56. Bc4 Rh6 57. Ng3 Rh4+ 58. Ke3 Kd7 59. Nf5 Rh3+ 60. Ke4 Rc3 61. Ke5 h5 62. Kf4 Rh3 63. Kg5 Rf3 64. Nh4 Rf2 65. Ng6 Kd8 66. Kxh5 Rg2 67. Nf4 Rg1 68. Kh4 Kc8 69. Kh3 Kd7 70. Ne2 Rg5 71. Ng3 Rg7 72. Bb5+ Kd8 73. Bd3 Rg5 74. Be4 Kd7 75. Kg2 Rg8 76. Kf3 Rh8 77. Bd3 Rh2 78. Bc4 Rb2 79. Ne4 Rb1 80. Kf4 Rh1 81. Bb5+ Ke7 82. Ng3 Rb1 83. Bc4 Kd7 84. Nf5 Rb2 85. Ke5 Rb1 86. Kf6 Rc1 87. Bb5+ Kd8 88. Bc4 Kd7 89. Ng3 Re1 90. Kf5 Rg1 91. Ne4 Rh1 92. Bb5+ Ke7 93. Bc4 Rh5+ 94. Kg4 Rh1 95. Nc3 Kd7 96. Kf4 Rh4+ 97. Ke5 Rh5+ 98. Kf6 Rh6+ 99. Kg5 Rh2 100. Nb5 Rg2+ 101. Kf4 Rf2+ 102. Ke3 Rb2 103. Kd3 Rb1 104. Kc2 Rg1 105. Bd3 Rg2+ 106. Kc3 Rg3 107. Kc4 Rg5 108. Be4 Rh5 109. Bg6 Rg5 110. Bf7 Rg1 111. Be6+ Kd8 112. Na7 Rb1 113. Nc6+ Ke8 114. Bf5 Rb2 115. Kc3 Rf2 116. Be6 Rf3+ 117. Kc4 1/2-1/2

[Event "Montreal Varennes op"]
[Site "Montreal"]
[Date "2017.10.07"]
[Round "3"]
[White "Luksza, Arkadiusz"]
[Black "Hebert, Jean"]
[Result "1-0"]
[WhiteElo "2081"]
[BlackElo "2376"]
[PlyCount "135"]
[EventDate "2017.10.06"]
[EventType "swiss"]
[EventRounds "5"]
[EventCountry "CAN"]
[SourceTitle "CBM 181 Extra"]
[Source "ChessBase"]
[SourceDate "2017.12.12"]
[SourceVersion "1"]
[SourceVersionDate "2017.12.12"]
[SourceQuality "1"]

1. d4 Nf6 2. c4 e6 3. Nc3 Bb4 4. e3 0-0 5. Nge2 d5 6. a3 Be7 7. Ng3 Re8 8. Be2 Nbd7 9. 0-0 c6 10. e4 dxe4 11. Ngxe4 Nxe4 12. Nxe4 Nf6 13. Nc3 b6 14. Bf3 Qc7 15. Qb3 Bb7 16. Rd1 Rad8 17. Be3 Rd7 18. Rac1 Qb8 19. Qa4 b5 20. Qb3 bxc4 21. Qxc4 Nd5 22. Ne4 Red8 23. b4 a5 24. Nc5 Bxc5 25. bxc5 Qa8 26. Bg5 Ba6 27. Qc2 Rb8 28. Rb1 Rdb7 29. Bxd5 exd5 30. Bf4 Re8 31. Rb6 Rbe7 32. Qc3 Bb5 33. h3 a4 34. Qg3 f6 35. Qc3 Bc4 36. Qb4 Kf7 37. Bd6 Rd7 38. Re1 Rxe1+ 39. Qxe1 Qe8 40. Qxe8+ Kxe8 41. Rxc6 Rb7 42. Rc8+ Kd7 43. Ra8 Bb5 44. f3 Bc6 45. Rg8 g6 46. Rh8 Ke6 47. Kf2 Ra7 48. g4 Rb7 49. Kg3 Bb5 50. h4 Bc6 51. Kf4 Bb5 52. h5 gxh5 53. gxh5 Bc6 54. h6 Bb5 55. Kg3 Bc6 56. Bf4 Bb5 57. Bd2 Bc6 58. Kf4 Bb5 59. Ba5 Bc6 60. Bb6 Bb5 61. Rg8 Bc6 62. Rh8 Bb5 63. Kg4 Bc6 64. f4 Re7 65. Rg8 Rb7 66. Rd8 Bd7 67. f5+ Ke7 68. Rh8 1-0

[Event "Montreal Varennes op"]
[Site "Montreal"]
[Date "2017.10.07"]
[Round "2"]
[White "Martin, Steve"]
[Black "Luksza, Arkadiusz"]
[Result "0-1"]
[WhiteElo "1867"]
[BlackElo "2081"]
[PlyCount "73"]
[EventDate "2017.10.06"]
[EventType "swiss"]
[EventRounds "5"]
[EventCountry "CAN"]
[SourceTitle "CBM 181 Extra"]
[Source "ChessBase"]
[SourceDate "2017.12.12"]
[SourceVersion "1"]
[SourceVersionDate "2017.12.12"]
[SourceQuality "1"]

1. e4 e6 2. d4 d5 3. Nc3 Nf6 4. Bg5 Bb4 5. e5 h6 6. Bd2 Bxc3 7. bxc3 Ne4 8. Bd3 Nxd2 9. Qxd2 c5 10. f4 Nc6 11. Nf3 Qa5 12. g4 Bd7 13. f5 Ne7 14. Rb1 c4 15. fxe6 Bxe6 16. Be2 Qxa2 17. Kf2 Qa6 18. Rhg1 b6 19. g5 hxg5 20. Qxg5 Nf5 21. h4 Qb7 22. h5 Qe7 23. Qxe7+ Kxe7 24. Ng5 Rh6 25. Ra1 f6 26. Nxe6 Kxe6 27. Rgb1 fxe5 28. Rxb6+ axb6 29. Rxa8 exd4 30. cxd4 Nxd4 31. Bg4+ Ke5 32. Bd1 Rf6+ 33. Kg2 Nf5 34. Kf3 Kd4 35. Ra7 Ne3+ 36. Ke2 Re6 37. Rxg7 0-1

[Event "Montreal op"]
[Site "Montreal"]
[Date "2017.09.10"]
[Round "4"]
[White "Marin, Sam"]
[Black "Luksza, Arkadiusz"]
[Result "1-0"]
[WhiteElo "1930"]
[BlackElo "2108"]
[PlyCount "71"]
[EventDate "2017.09.08"]
[EventType "swiss"]
[EventRounds "5"]
[EventCountry "CAN"]
[SourceTitle "CBM 180 Extra"]
[Source "ChessBase"]
[SourceDate "2017.10.06"]
[SourceVersion "1"]
[SourceVersionDate "2017.10.06"]
[SourceQuality "1"]

1. c4 e6 2. Nc3 d5 3. d4 c6 4. Nf3 f5 5. Qc2 Nf6 6. Bf4 Be7 7. e3 0-0 8. Be2 Ne4 9. 0-0 Nd7 10. Ne5 Bf6 11. b4 g5 12. Nxd7 Qxd7 13. Nxe4 fxe4 14. Bg3 Qe7 15. Qb3 Kh8 16. Rac1 Bd7 17. a4 a6 18. b5 axb5 19. cxb5 e5 20. bxc6 bxc6 21. dxe5 Bxe5 22. Qb7 Bxg3 23. hxg3 Rfb8 24. Qc7 Rc8 25. Qb7 Rxa4 26. Bg4 Rd8 27. Rxc6 Rb4 28. Qa7 Qe8 29. Qa1+ Kg8 30. Bxd7 Rxd7 31. Qf6 Qd8 32. Qe6+ Kg7 33. Rfc1 Rb8 34. Qe5+ Kg8 35. Rf6 Rb6 36. Rxb6 1-0

[Event "Montreal op"]
[Site "Montreal"]
[Date "2016.09.11"]
[Round "5"]
[White "Milicevic, Goran"]
[Black "Luksza, Arkadiusz"]
[Result "1/2-1/2"]
[WhiteElo "2279"]
[BlackElo "2097"]
[PlyCount "145"]
[EventDate "2016.09.09"]
[EventType "swiss"]
[EventRounds "5"]
[EventCountry "CAN"]
[SourceTitle "CBM 174 Extra"]
[Source "ChessBase"]
[SourceDate "2016.10.10"]
[SourceVersion "1"]
[SourceVersionDate "2016.10.10"]
[SourceQuality "1"]

1. e4 e6 2. d4 d5 3. Nd2 Be7 4. Ngf3 c5 5. c3 Nc6 6. e5 Nh6 7. Bd3 Qb6 8. dxc5 Bxc5 9. 0-0 Ng4 10. Qe2 Qc7 11. Nb3 Bb6 12. Bf4 Bd7 13. Nbd4 a6 14. h3 Nh6 15. Bg3 Bxd4 16. Nxd4 Nxd4 17. cxd4 Qb6 18. Qe3 Bb5 19. Bxb5+ axb5 20. Rfd1 Nf5 21. Qd3 Ra4 22. b4 Rxb4 23. Rdb1 Rc4 24. Kh2 0-0 25. f3 Qxd4 26. Qxd4 Nxd4 27. Rb2 b4 28. Rab1 Nc6 29. Be1 Ra8 30. Bxb4 Nxb4 31. Rxb4 Rxb4 32. Rxb4 Rxa2 33. Rxb7 g5 34. h4 Re2 35. hxg5 Rxe5 36. f4 Re3 37. Kg1 Re4 38. g3 Re2 39. Kf1 Rc2 40. Rd7 Kg7 41. Kg1 Kg6 42. Kf1 Kg7 43. Kg1 Kg8 44. Kf1 Rd2 45. Kg1 Kg7 46. Kf1 Kg6 47. Kg1 Rc2 48. Kf1 Rc8 49. Ke2 Rh8 50. g4 h6 51. gxh6 Rxh6 52. Kf2 Rh3 53. Kg2 Ra3 54. Kf2 Kg7 55. Kg2 Rd3 56. Kf2 Kf8 57. Kg2 Ke8 58. Ra7 Rc3 59. Kf2 Kf8 60. Rd7 Kg7 61. Kg2 Kg6 62. Kf2 f5 63. Rd6 fxg4 64. Rxe6+ Kf5 65. Re5+ Kxf4 66. Rxd5 Rc2+ 67. Kg1 Kg3 68. Rd3+ Kh4 69. Rb3 Ra2 70. Rc3 Kg5 71. Rb3 Re2 72. Ra3 Kf4 73. Rb3 1/2-1/2

[Event "Montreal op"]
[Site "Montreal"]
[Date "2016.09.11"]
[Round "4"]
[White "Turcotte, Jonathan"]
[Black "Luksza, Arkadiusz"]
[Result "0-1"]
[WhiteElo "2012"]
[BlackElo "2097"]
[PlyCount "92"]
[EventDate "2016.09.09"]
[EventType "swiss"]
[EventRounds "5"]
[EventCountry "CAN"]
[SourceTitle "CBM 174 Extra"]
[Source "ChessBase"]
[SourceDate "2016.10.10"]
[SourceVersion "1"]
[SourceVersionDate "2016.10.10"]
[SourceQuality "1"]

1. d4 e6 2. c4 f5 3. g3 Nf6 4. Bg2 d5 5. Nh3 c6 6. 0-0 Bd6 7. b3 Qe7 8. Bf4 0-0 9. Bxd6 Qxd6 10. Nd2 Nbd7 11. Nf3 Ne4 12. e3 Qe7 13. Nf4 Ndf6 14. Qc2 Bd7 15. Rfc1 Be8 16. Rab1 Kh8 17. b4 g5 18. Nd3 dxc4 19. Nc5 b5 20. Nxe4 Nxe4 21. Ne5 Qf6 22. Rb2 Rc8 23. Bxe4 fxe4 24. Qxe4 Qf5 25. Qg2 Rc7 26. g4 Qf6 27. a4 Qd8 28. Qe4 Kg7 29. Nf3 Qf6 30. Ne5 Bg6 31. Qg2 Be8 32. Ra1 Qd8 33. f3 Bg6 34. Qd2 Qe7 35. Rba2 Rd8 36. Qc3 Kg8 37. axb5 cxb5 38. Ra6 Be8 39. R1a5 Rd6 40. Qc2 Rxa6 41. Rxa6 c3 42. Nd3 Bg6 43. e4 Qf6 44. Ne5 Qf4 45. Rxe6 Qd2 46. Qb3 Qc1+ 0-1

[Event "Quebec-ch op"]
[Site "Montreal"]
[Date "2016.07.27"]
[Round "6"]
[White "Luksza, Arkadiusz"]
[Black "Jacquet, Stephane"]
[Result "1/2-1/2"]
[WhiteElo "2129"]
[BlackElo "1969"]
[PlyCount "133"]
[EventDate "2016.07.23"]
[EventType "swiss"]
[EventRounds "8"]
[EventCountry "CAN"]
[SourceTitle "CBM 173 Extra"]
[Source "ChessBase"]
[SourceDate "2016.08.29"]
[SourceVersion "1"]
[SourceVersionDate "2016.08.29"]
[SourceQuality "1"]

1. d4 d5 2. c4 dxc4 3. Nc3 e5 4. e3 exd4 5. exd4 Nf6 6. Bxc4 Be7 7. h3 0-0 8. Nf3 Nc6 9. 0-0 Bf5 10. Re1 Nb4 11. Re2 h6 12. a3 Nc6 13. d5 Na5 14. Ba2 b6 15. Nd4 Bd7 16. b4 c5 17. Nc2 cxb4 18. axb4 Nb7 19. Bf4 Bd6 20. Qd2 Rc8 21. Bxd6 Nxd6 22. Ne3 Qc7 23. Ned1 Bf5 24. Bb3 Qd7 25. Ne3 Bxh3 26. gxh3 Qxh3 27. Ree1 Ng4 28. Bd1 Nc4 29. Bxg4 Qxg4+ 30. Nxg4 Nxd2 31. Re3 Rc4 32. Ne5 Rxb4 33. Rd3 Nc4 34. Rxa7 Nxe5 35. Rd1 Rd8 36. d6 Rd4 37. Rxd4 Nf3+ 38. Kg2 Nxd4 39. d7 Kf8 40. Nd5 Ne6 41. Nb4 Nd4 42. Nd5 f6 43. Nxb6 Ke7 44. Ra4 Ne6 45. Ra7 Nc5 46. Nd5+ Kd6 47. Nf4 Rxd7 48. Ra1 Ne6 49. Rd1+ Ke7 50. Ng6+ Ke8 51. Re1 Kf7 52. Nh4 g6 53. Nxg6 Kxg6 54. Rxe6 h5 55. Re3 h4 56. Ra3 Kg5 57. Ra5+ f5 58. Ra3 Re7 59. Rb3 Kg4 60. Rb4+ Kg5 61. Ra4 Re4 62. Ra8 Rg4+ 63. Kf3 Rb4 64. Rg8+ Kf6 65. Rf8+ Ke5 66. Re8+ Kf6 67. Rf8+ 1/2-1/2

[Event "Trois-Rivieres Mauricie op"]
[Site "Trois Rivieres"]
[Date "2016.03.19"]
[Round "2"]
[White "Hajiyev, Elshad"]
[Black "Luksza, Arkadiusz"]
[Result "0-1"]
[WhiteElo "2108"]
[BlackElo "2231"]
[PlyCount "90"]
[EventDate "2016.03.18"]
[EventType "swiss"]
[EventRounds "5"]
[EventCountry "CAN"]
[SourceTitle "EXT 2022"]
[Source "ChessBase"]
[SourceDate "2021.10.06"]
[SourceVersion "1"]
[SourceVersionDate "2021.10.06"]
[SourceQuality "1"]

1. Nf3 Nf6 2. e3 d5 3. c4 c6 4. b3 g6 5. Bb2 Bg7 6. Qc2 0-0 7. Nc3 Na6 8. a3 Bf5 9. d3 Re8 10. Ne5 Qd6 11. Nd1 Rad8 12. Be2 Nh5 13. Nxf7 Kxf7 14. g4 Be6 15. gxh5 dxc4 16. bxc4 Bf5 17. e4 Bc8 18. Bxg7 Kxg7 19. Qc3+ Kg8 20. hxg6 hxg6 21. Ne3 Nc5 22. Rd1 Rf8 23. e5 Qe6 24. 0-0 Qh3 25. d4 Ne6 26. Bg4 Qh4 27. f3 Nf4 28. Qe1 Qh6 29. Kh1 Kg7 30. Bxc8 Rxc8 31. Rd2 Rh8 32. Qg3 Rcf8 33. Ng4 Qg5 34. Rb2 Rh3 35. Qg1 Nh5 36. Rg2 Rfxf3 37. Rxf3 Rxf3 38. Nf6 Qf5 39. Rg5 Ng3+ 40. Qxg3 Qb1+ 41. Qg1 Rf1 42. Rxg6+ Kf7 43. e6+ Kxe6 44. d5+ Kf5 45. Ng8 Qe4+ 0-1

[Event "Trois-Rivieres Mauricie op"]
[Site "Trois Rivieres"]
[Date "2016.03.19"]
[Round "3"]
[White "Luksza, Arkadiusz"]
[Black "Duong, Thanh Nha"]
[Result "0-1"]
[WhiteElo "2231"]
[BlackElo "2282"]
[PlyCount "86"]
[EventDate "2016.03.18"]
[EventType "swiss"]
[EventRounds "5"]
[EventCountry "CAN"]
[SourceTitle "EXT 2022"]
[Source "ChessBase"]
[SourceDate "2021.10.06"]
[SourceVersion "1"]
[SourceVersionDate "2021.10.06"]
[SourceQuality "1"]

1. d4 Nf6 2. Bg5 Ne4 3. Bf4 c5 4. f3 Nf6 5. d5 d6 6. c4 b5 7. e4 g6 8. cxb5 a6 9. b6 Qxb6 10. Qd2 Bg7 11. Nc3 0-0 12. a4 Nbd7 13. Nh3 Rb8 14. Rb1 Nh5 15. Be3 Qb4 16. Bd3 Ne5 17. 0-0 Bxh3 18. gxh3 Nc4 19. Bxc4 Qxc4 20. Rfc1 Rb3 21. Bg5 Bd4+ 22. Kh1 f6 23. Bh6 Rfb8 24. Nb5 Qxa4 25. Nxd4 Qxd4 26. Qxd4 cxd4 27. Rc4 d3 28. h4 Kf7 29. Bc1 f5 30. Ra1 fxe4 31. fxe4 R8b4 32. Rc7 Rxe4 33. Bg5 Ng7 34. Rc3 Rxb2 35. Rxd3 Ree2 36. Bf4 Nf5 37. Rdd1 Nxh4 38. Rf1 Kg7 39. Rfe1 Rg2 40. Rec1 h6 41. Rcb1 g5 42. Rxb2 Rxb2 43. Bc1 Re2 0-1

[Event "Francophone-ch 3rd"]
[Site "Montreal"]
[Date "2015.07.24"]
[Round "8"]
[White "Zouaoui, Mohamed"]
[Black "Luksza, Arkadiusz"]
[Result "1/2-1/2"]
[WhiteElo "1807"]
[BlackElo "2160"]
[PlyCount "79"]
[EventDate "2015.07.17"]
[EventType "swiss"]
[EventRounds "9"]
[EventCountry "CAN"]
[SourceTitle "EXT 2016"]
[Source "ChessBase"]
[SourceDate "2015.10.08"]
[SourceVersion "1"]
[SourceVersionDate "2015.10.08"]
[SourceQuality "1"]

1. b3 Nf6 2. Bb2 d5 3. g3 c5 4. Bg2 Nc6 5. Nf3 Bg4 6. c4 d4 7. d3 e5 8. h3 Be6 9. 0-0 h6 10. Nbd2 Qd7 11. Kh2 Bd6 12. Qc2 0-0 13. Rad1 Rad8 14. e4 dxe3 15. fxe3 Qc7 16. Ne4 Nxe4 17. dxe4 Be7 18. Bc3 Bf6 19. Rf2 Rxd1 20. Qxd1 Rd8 21. Rd2 Rxd2 22. Qxd2 Kf8 23. h4 g5 24. hxg5 hxg5 25. Ne1 b6 26. Bf3 Ke7 27. Kg1 Qc8 28. Nd3 Qh8 29. Nf2 Qc8 30. Qd1 Qd7 31. Qxd7+ Bxd7 32. Kf1 Kd6 33. Ke2 Bg7 34. Kd2 a6 35. a4 a5 36. Ke2 Ne7 37. Be1 Ng8 38. Bg4 Bxg4+ 39. Nxg4 Ke6 40. Kf3 1/2-1/2

[Event "Francophone-ch 3rd"]
[Site "Montreal"]
[Date "2015.07.23"]
[Round "7"]
[White "Luksza, Arkadiusz"]
[Black "Sprumont, Oscar"]
[Result "0-1"]
[WhiteElo "2160"]
[BlackElo "1975"]
[PlyCount "120"]
[EventDate "2015.07.17"]
[EventType "swiss"]
[EventRounds "9"]
[EventCountry "CAN"]
[SourceTitle "EXT 2016"]
[Source "ChessBase"]
[SourceDate "2015.10.08"]
[SourceVersion "1"]
[SourceVersionDate "2015.10.08"]
[SourceQuality "1"]

1. d4 Nf6 2. Bg5 c5 3. Bxf6 gxf6 4. d5 Qb6 5. Qc1 f5 6. c4 Qh6 7. e3 e5 8. dxe6 fxe6 9. Nc3 d6 10. Nge2 Nc6 11. Qc2 Bd7 12. 0-0-0 0-0-0 13. Nf4 Kb8 14. Nb5 Be8 15. Kb1 Rg8 16. h4 Ne5 17. Qc3 Ng4 18. Rd2 a6 19. Qa5 Rd7 20. Nc3 Ne5 21. Na4 Be7 22. Nb6 Rd8 23. Be2 Bc6 24. f3 Rde8 25. Qa3 Bd8 26. Qb3 Bc7 27. h5 Ng6 28. Nh3 Qxh5 29. Rdd1 Qh6 30. Nf4 Qg7 31. Nd3 Re7 32. Na4 Ne5 33. Nf4 Ng6 34. Nd3 e5 35. Nc3 f4 36. e4 Nf8 37. Bf1 Ne6 38. Nd5 Bxd5 39. cxd5 Nd4 40. Qc3 Rf7 41. Nf2 Qg5 42. Ng4 h5 43. Nf2 Rh7 44. Rc1 Qd8 45. Rd1 Rg3 46. Qd3 Ba5 47. Ka1 Qb6 48. Ng4 Qd8 49. Nf2 Ka7 50. Rh3 Rxh3 51. Nxh3 Rg7 52. Rc1 Qb6 53. Rd1 Qb4 54. Nf2 Qa4 55. Rc1 Qb4 56. Qd1 Qd2 57. Qxd2 Bxd2 58. Rd1 Nc2+ 59. Kb1 Ne3 60. Rxd2 Nxf1 0-1

[Event "Choc des Generations"]
[Site "Montreal"]
[Date "2015.06.28"]
[Round "5"]
[White "Luksza, Arkadiusz"]
[Black "Chiku Ratte, Olivier Kenta"]
[Result "1-0"]
[WhiteElo "2124"]
[BlackElo "2125"]
[PlyCount "81"]
[EventDate "2015.06.26"]
[EventType "schev"]
[EventRounds "5"]
[EventCountry "CAN"]
[SourceTitle "EXT 2019"]
[Source "ChessBase"]
[SourceDate "2018.10.10"]
[SourceVersion "1"]
[SourceVersionDate "2018.10.10"]
[SourceQuality "1"]

1. d4 Nf6 2. Bg5 c5 3. Bxf6 gxf6 4. d5 Qb6 5. Qc1 Bh6 6. e3 f5 7. Ne2 Qf6 8. c4 d6 9. Nbc3 Nd7 10. Nb5 Ne5 11. Nf4 0-0 12. Be2 a6 13. Nc3 Ng6 14. g3 e5 15. dxe6 fxe6 16. Qc2 Bd7 17. 0-0-0 Bc6 18. Rhg1 Rfd8 19. Nh5 Qe7 20. g4 f4 21. g5 Bxg5 22. h4 Bh6 23. Rxg6+ hxg6 24. Qxg6+ Bg7 25. Rg1 Be8 26. Qxg7+ Qxg7 27. Nxg7 Kh8 28. Nxe6 Rdc8 29. Nxf4 b5 30. Ncd5 Ra7 31. h5 bxc4 32. Bxc4 Rg7 33. Ng6+ Kh7 34. f4 Bxg6 35. hxg6+ Kh6 36. Bd3 Kh5 37. f5 c4 38. Bc2 Rc5 39. f6 Rg8 40. f7 Rf8 41. g7 1-0

[Event "Canadian op U2400"]
[Site "Montreal"]
[Date "2014.07.25"]
[Round "8"]
[White "Doknjas, John"]
[Black "Luksza, Arkadiusz"]
[Result "1-0"]
[WhiteElo "1993"]
[BlackElo "2107"]
[PlyCount "97"]
[EventDate "2014.07.19"]
[EventType "swiss"]
[EventRounds "9"]
[EventCountry "CAN"]
[SourceTitle "EXT 2022"]
[Source "ChessBase"]
[SourceDate "2021.10.06"]
[SourceVersion "1"]
[SourceVersionDate "2021.10.06"]
[SourceQuality "1"]

1. d4 e6 2. c4 d5 3. Nc3 c6 4. e3 Bd6 5. Bd3 Nd7 6. f4 Qh4+ 7. g3 Qe7 8. Nf3 f5 9. cxd5 cxd5 10. Nb5 Ngf6 11. 0-0 0-0 12. Nxd6 Qxd6 13. a4 Ne4 14. b3 Re8 15. Ba3 Qb6 16. Rc1 a6 17. Bxe4 dxe4 18. Nd2 Qd8 19. Nc4 Qf6 20. Nd6 Rd8 21. Rc7 Nb6 22. Nxe4 Qg6 23. Nc3 Rb8 24. Qc2 Bd7 25. a5 Na8 26. Rc5 Bc6 27. d5 exd5 28. Ne2 Nc7 29. Nd4 Nb5 30. Nxc6 bxc6 31. Bb2 Rbc8 32. Rc1 Qe8 33. Be5 Na7 34. Qxf5 Rd7 35. Qd3 g5 36. Qxa6 gxf4 37. exf4 Qg6 38. Qe2 h6 39. Qe3 d4 40. Bxd4 Rcd8 41. R5c4 c5 42. Bxc5 Rd3 43. Qe4 Qxe4 44. Rxe4 Nb5 45. Rce1 Rxb3 46. Re8+ Rxe8 47. Rxe8+ Kf7 48. Rb8 Ke6 49. a6 1-0

[Event "Montreal Generations"]
[Site "Montreal"]
[Date "2014.06.29"]
[Round "5"]
[White "Kraiouchkine, Nikita"]
[Black "Luksza, Arkadiusz"]
[Result "1-0"]
[WhiteElo "2312"]
[BlackElo "2173"]
[PlyCount "135"]
[EventDate "2014.06.27"]
[EventType "schev"]
[EventRounds "5"]
[EventCountry "CAN"]
[SourceTitle "EXT 2015"]
[Source "ChessBase"]
[SourceDate "2014.11.20"]
[SourceVersion "1"]
[SourceVersionDate "2014.11.20"]
[SourceQuality "1"]

1. e4 e6 2. d4 d5 3. Nd2 Be7 4. Ngf3 c5 5. exd5 exd5 6. dxc5 Nf6 7. Nb3 0-0 8. Be2 Bxc5 9. Nxc5 Qa5+ 10. c3 Qxc5 11. 0-0 Nc6 12. Be3 Qe7 13. Re1 h6 14. h3 Be6 15. Qa4 Rfd8 16. Qh4 Ne4 17. Qxe7 Nxe7 18. Nd4 Bd7 19. f3 Ng3 20. Bd3 Ngf5 21. Nxf5 Nxf5 22. Bf2 Be6 23. Re5 Ne7 24. Re2 Nc6 25. Rd2 Ne5 26. Bf1 Nc4 27. Re2 b6 28. Bd4 Re8 29. Rae1 Bd7 30. Rxe8+ Rxe8 31. Rxe8+ Bxe8 32. b3 Na5 33. Kf2 f6 34. Ba6 Kf8 35. f4 Ke7 36. g4 Bd7 37. Kf3 Kd6 38. Bd3 Ke7 39. h4 Nc6 40. Be3 Kf7 41. Kg3 Ke7 42. Bc1 Nd8 43. Ba3+ Kf7 44. f5 Nb7 45. Kf4 Nc5 46. Bc2 Bc6 47. Bb4 Nd7 48. Bd6 Nc5 49. Bb8 a6 50. Bc7 Nd7 51. Bd1 b5 52. Bd6 Nb6 53. Ke3 Nc8 54. Bc5 h5 55. g5 fxg5 56. hxg5 g6 57. Kf4 h4 58. fxg6+ Kxg6 59. Bc2+ Kg7 60. Kg4 Bd7+ 61. Kxh4 Be6 62. Kg3 Kf7 63. Kf4 Ne7 64. Bxe7 Kxe7 65. Ke5 a5 66. Bd1 b4 67. cxb4 axb4 68. Bf3 1-0